Công trình nghiên cứu của Hội Luật quốc tế của Trung Quốc : Bước tiến về luật pháp hay sự nguỵ biện dưới chiêu bài khoa học? /
Đã lưu trong:
| Príomhúdar: | |
|---|---|
| Formáid: | Bài viết |
| Teanga: | Vietnamese |
| Ábhair: | |
| Clibeanna: |
Cuir Clib Leis
Gan Chlibeanna, Bí ar an gcéad duine leis an taifead seo a chlibeáil!
|
| Thư viện lưu trữ: | Thư viện Trường Đại học Đà Lạt |
|---|
| LEADER | 00892nam a2200253 4500 | ||
|---|---|---|---|
| 001 | DLU200194592 | ||
| 005 | ##20200326 | ||
| 040 | # | # | |a DLU |b vie |
| 041 | # | # | |a vie |
| 044 | # | # | |a vn |
| 100 | # | # | |a Nguyễn Thị Lan Anh. |
| 245 | # | # | |a Công trình nghiên cứu của Hội Luật quốc tế của Trung Quốc : |b Bước tiến về luật pháp hay sự nguỵ biện dưới chiêu bài khoa học? / |c Nguyễn Thị Lan Anh. |
| 653 | # | # | |a Hội Luật quốc tế Trung Quốc |
| 653 | # | # | |a Phán quyết |
| 653 | # | # | |a Vụ kiện Biển Đông |
| 773 | # | # | |t Nghiên cứu quốc tế |g Số 2(213), 2018, tr. 54-69 |
| 920 | # | # | |a Phòng Tạp chí -- Trung tâm Thông tin - Thư viện Trường Đại học Đà Lạt |
| 900 | # | # | |a True |
| 911 | # | # | |a Nguyễn Thị Thu Phương |
| 925 | # | # | |a G |
| 926 | # | # | |a A |
| 927 | # | # | |a BB |
| 980 | # | # | |a Thư viện Trường Đại học Đà Lạt |